Essays presented to Sir Lewis Namier / (Record no. 24552)
[ view plain ]
| 000 -LEADER | |
|---|---|
| fixed length control field | 02133cam a22003011 4500 |
| 001 - CONTROL NUMBER | |
| control field | 24552 |
| 003 - CONTROL NUMBER IDENTIFIER | |
| rucl marc code | BD-RjUL |
| 005 - DATE AND TIME OF LATEST TRANSACTION | |
| control field | 20211209001051.0 |
| 008 - FIXED-LENGTH DATA ELEMENTS--GENERAL INFORMATION | |
| fixed length control field | 140313s1962 enk2.16.256 xx 000 0 eng |
| 020 ## - INTERNATIONAL STANDARD BOOK NUMBER | |
| International Standard Book Number | 0836920104 |
| 035 ## - SYSTEM CONTROL NUMBER | |
| System control number | (BD-RjUL)24619 |
| System control number | (OCoLC)1060813 |
| 040 ## - CATALOGING SOURCE | |
| Original cataloging agency | DLC |
| Transcribing agency | OCU |
| Modifying agency | OCoLC |
| -- | DLC |
| -- | Essays presented to sir Lewis Namier |
| Language of cataloging | eng |
| 041 ## - LANGUAGE CODE | |
| Language code of text/sound track or separate title | eng |
| 082 ## - DEWEY DECIMAL CLASSIFICATION NUMBER | |
| Classification number | 320.9 |
| Author mark and year | ESS |
| 100 1# - MAIN ENTRY--PERSONAL NAME | |
| Personal name | Pares, Richard, |
| Dates associated with a name | 1902-1958, |
| 9 (RLIN) | 75562 |
| 245 00 - TITLE STATEMENT | |
| Title | Essays presented to Sir Lewis Namier / |
| Statement of responsibility, etc. | Edited by Richard Pares and Alan J. P. Taylor. |
| 260 ## - PUBLICATION, DISTRIBUTION, ETC. (IMPRINT) | |
| Place of publication, distribution, etc. | London ; |
| Name of publisher, distributor, etc. | Macmillan ; |
| Place of publication, distribution, etc. | New York : |
| Name of publisher, distributor, etc. | St. Martin's Press, |
| Date of publication, distribution, etc. | 1956. |
| 300 ## - PHYSICAL DESCRIPTION | |
| Pagination | viii, 541 p. : |
| Illustrations | port. ; |
| Size | 23 cm. |
| 504 ## - BIBLIOGRAPHY, ETC. NOTE | |
| Bibliography, etc | Bibliographical footnotes. |
| 505 0# - FORMATTED CONTENTS NOTE | |
| Formatted contents note | Oliver Cromwell and his parliaments, by H. R. Trevor-Roper.--The city of London in eighteenth-century politics, by L. Sutherland.--A London West-India merchant house, 1740-1769, by R. Pares.--Letters from William Pitt to Lord Bute, 1755-1758, by R. Sedgwick.--A wine-merchant's letter-book, by Sir J. Fergusson of Kilkerran.--Horace Walpole, antiquary, by W. S. Lewis.--The stewardship of the Chiltern Hundreds, by B. Kemp.--The reporting and publishing of the House of Commons' debates, 1771-1834, by A. Aspinall.--English reform and French Revolution in the general election of 1830, by N. Gash.--The changes in parliamentary procedure, 1880-1882, by E. Hughes.--Aspects of Russian foreign policy, 1815-1914, by G. H. Bolsover.--Russia and Europe as a theme of Russian history, by E. H. Carr.--The intellectuals and revolution: social forces in Eastern Europe since 1848, by H. Seton-Watson.--Personality and diplomacy in Anglo-American relations, 1917, by S. Morison.--The war aims of the Allies in the First World War, by A. J. P. Taylor.--Men of tragic destiny: Ludendorf and Groener, by J. W. Wheeler-Bennett. |
| 650 #0 - SUBJECT ADDED ENTRY--TOPICAL TERM | |
| Topical term or geographic name as entry element | History, Modern. |
| 9 (RLIN) | 75563 |
| 700 1# - ADDED ENTRY--PERSONAL NAME | |
| Personal name | Namier, L. B. |
| Fuller form of name | (Lewis Bernstein), |
| Dates associated with a name | 1888-1960. |
| Personal name | Taylor, A. J. P. |
| Fuller form of name | (Alan John Percivale), |
| Dates associated with a name | 1906-1990, |
| Relator term | joint ed. |
| 942 ## - ADDED ENTRY ELEMENTS (KOHA) | |
| Source of classification or shelving scheme | Dewey Decimal Classification |
| Koha item type | Books |
| Lost status | Source of classification or shelving scheme | Damaged status | Not for loan | Collection code | Permanent Location | Current Location | Shelving location | Date acquired | Source of acquisition | Cost, normal purchase price | Total Checkouts | Full call number | Date last seen | Copy number | Koha item type |
|---|---|---|---|---|---|---|---|---|---|---|---|---|---|---|---|
| Dewey Decimal Classification | Non-fiction | Central Library, University of Rajshahi | Central Library, University of Rajshahi | 07/02/1963 | Zeitlinger | 36.00 | 320.9 ESS 1962 | 13/03/2014 | C-2 | Books | |||||
| Dewey Decimal Classification | Added to bundle | Non-fiction | Central Library, University of Rajshahi | Central Library, University of Rajshahi | Reading Room | 07/02/1963 | Zeitlinger | 36.00 | 320.9 ESS 1956 | 13/03/2014 | C-1 | Books | |||
| Dewey Decimal Classification | Non-fiction | Central Library, University of Rajshahi | Central Library, University of Rajshahi | 07/02/1963 | Zeitlinger | 36.00 | 320.9 ESS 1956 | 13/03/2014 | C-3 | Books |